Rural development series Agricultural extension; T1

Shranjeno v:
Bibliografske podrobnosti
Glavni avtor: Hartmut Albrecht
Format: Knjiga
Jezik:Undetermined
Izdano: Eschborn Technical Cooperation - Federal Republic of Germany 1989
Teme:
Oznake: Označite
Brez oznak, prvi označite!
Thư viện lưu trữ: Trung tâm Học liệu Trường Đại học Cần Thơ
LEADER 00654nam a2200193Ia 4500
001 CTU_30112
008 210402s9999 xx 000 0 und d
082 |a 630.715 
082 |b A341/T1 
100 |a Hartmut Albrecht 
245 0 |a Rural development series 
245 0 |b Agricultural extension; T1 
245 0 |c Hartmut Albrecht, Eberhard Grober, Georg Diederich, Herbert Bergmann, Peter Keller, Volker Hoffmann 
260 |a Eschborn 
260 |b Technical Cooperation - Federal Republic of Germany 
260 |c 1989 
650 |a agricultural extension work 
904 |i Liên, 990302 
980 |a Trung tâm Học liệu Trường Đại học Cần Thơ